| 000 | 00581nam a2200193 a 4500 | ||
|---|---|---|---|
| 005 | 20250327063753.0 | ||
| 008 | 040930s1988 mx r 000 0 spa d | ||
| 020 | _a9682920965 | ||
| 035 | _aUPN01000134950 | ||
| 049 | _aC | ||
| 050 | 4 |
_aGT4801.16 _bC2.4 |
|
| 245 | 0 | 0 |
_aCalendario de fiestas populares / _ccoord. Imelda de León. |
| 260 |
_aMéxico : _bSEP, Subsecretaría de Cultura, _c1988. |
||
| 300 |
_axix, 437 p. : _bil. |
||
| 650 | 4 |
_aDIAS FESTIVOS - _zMEXICO _97259 |
|
| 650 | 4 |
_aCalendarios y efemérides _94598 |
|
| 700 | 1 |
_aLeón, Imelda de, _ecoord. |
|
| 905 | _aLibro | ||
| 999 |
_c107101 _d107101 |
||